Loading...
The Kautiliya Arthasastra
| Main Authors: | , |
|---|---|
| Format: | Printed Book |
| Udgivet: |
New Delhi, Motilal Banaridas
1988
|
| Serier: | 3
|
| Fag: |
| LEADER | 005660000a22001930004500 | ||
|---|---|---|---|
| 020 | |a 81-208-0042-7(set) | ||
| 040 | |a San | ||
| 082 | |a 350 15M8.3 | ||
| 100 | |a Kangle, R P; Tr | ||
| 100 | |a Kautilya; Author | ||
| 245 | |a The Kautiliya Arthasastra | ||
| 260 | |a New Delhi, Motilal Banaridas | ||
| 260 | |c 1988 | ||
| 465 | |a R 470(set) | ||
| 490 | |a 3 | ||
| 650 | |a Political science | ||
| 650 | |a Sanskrit | ||
| 999 | |c 16077 |d 16077 | ||
| 952 | |0 0 |1 0 |4 0 |6 350_15M8_300000000000000 |7 0 |8 SANS |9 15881 |a MGUL |b MGUL |d 2013-07-16 |e R 470(set) |l 0 |o 350 15M8.3 |p 13269 |r 2019-03-26 |w 2013-07-16 |y BK | ||